Skuteczny system wynagradzania w firmie [skladniki wynagradzania]

Gespeichert in:
Bibliographische Detailangaben
1. Verfasser: Jacukowicz, Zofia
Format: Buch
Sprache:Polnisch
Veröffentlicht: Gdansk ODDK 1998
Schlagworte:
Tags: Tag hinzufügen
Keine Tags, Fügen Sie das erste Tag hinzu!

MARC

LEADER 00000nam a2200000 4500
001 c123027
005 20221221084751.0
020 |a 83-71870-02-7 
041 0 |a pol 
044 |a PL 
245 1 0 |a Skuteczny system wynagradzania w firmie  |b [skladniki wynagradzania]  |c Zofia Jacukowicz 
264 1 |a Gdansk  |b ODDK  |c 1998 
300 |a 140 s. 
610 2 0 |a firmy 
610 2 0 |a odmeny 
610 2 0 |a odmeňovanie 
610 2 0 |a mzdy 
610 2 0 |a platy 
610 2 0 |a ohodnotenie osobné 
610 2 0 |a kvalifikácia 
610 2 0 |a mzdy časové 
610 2 0 |a mzdy základné 
610 2 0 |a triedy tarifné 
610 2 0 |a práca 
610 2 0 |a prémie 
610 2 0 |a Poľsko 
100 1 |a Jacukowicz, Zofia